00301nam a22001097a 4500082003200000100001100032245004900043260004100092300001300133526003700146650000800183 a954.910294bANScL-31, P-52 aAnsari aAnsari's Trade Directory of PakistancAnsari aKarachi, PakistanbH. A. Juma & Co., a920 P, : a0b0c0d954_910294000000000_ANS aMCE